The Legend of Zelda: Tears of the Kingdom - Towers - Statistics

General Stats
  • This quiz has been taken 28 times
  • The average score is 7 of 15
Answer Stats
Province Tower % Correct
Central Hyrule Lookout Landing Skyview Tower
93%
Lanayru Mount Lanayru Skyview Tower
60%
Gerudo Gerudo Highland's Skyview Tower
53%
Central Hyrule Hyrule Field Skyview Tower
53%
Necluda Sahasra Slope Skyview Tower
53%
Lanayru Upland Zorana Skyview Tower
53%
Eldin Eldin Canyon Skyview Tower
47%
Gerudo Gerudo Canyon Skyview Tower
47%
Western Hyrule Lindor's Brow Skyview Tower
40%
Necluda Popla Foothills Skyview Tower
40%
Necluda Rabella Wetlands Skyview Tower
40%
Akkala Ulri Mountain Skyview Tower
40%
Hebra Pikida Stonegrove Skyview Tower
33%
Hebra Rospro Pass Skyview Tower
33%
Northern Hyrule Thyphlo Ruins Skyview Tower
33%
No matching quizzes found
Score Distribution
Percent of People with Each Score
Percentile by Number Answered
Your Score History
You have not taken this quiz